000 00536nam a2200181Ia 4500
005 20250508151639.0
008 008 250505s9999 xx 000 0 hin d
037 _aReference
040 _aFEDL
_beng
_cFEDL
041 _ahin
_2hin
084 _a371.3, RYB
_qFEDL
100 _aRyburn W M
_991386
245 0 _aProgressive school : A study in methods of education and of teaching
260 _aLondon, UK
_bOxford University Press
_c1955
300 _a289p.
942 _cREF
_h371.3, RYB
999 _c1331140
_d1331140